Premier League XIs 2024/25 - Statistics

General Stats
  • This quiz has been taken 551 times
  • The average score is 131 of 220
Answer Stats
Position Answer Club % Correct
GK David Raya Arsenal
98%
GK José Sá Wolverhampton Wanderers
98%
CB Gabriel Magalhães Arsenal
95%
CB William Saliba Arsenal
95%
GK
Emiliano Martínez
Aston Villa
94%
CM Declan Rice Arsenal
93%
CM Martin Ødegaard Arsenal
93%
CB Lisandro Martínez Manchester United
92%
ST Ollie Watkins Aston Villa
92%
DM Amadou Onana Aston Villa
91%
GK André Onana Manchester United
91%
GK Ederson Moraes Manchester City
91%
RW Gabriel Martinelli Arsenal
91%
CAM Bruno Fernandes Manchester United
90%
ST Erling Haaland Manchester City
89%
ST Kai Havertz Arsenal
89%
RW Mohamed Salah Liverpool
89%
CB Virgil van Dijk Liverpool
89%
CAM Cole Palmer Chelsea
88%
GK Alisson Becker Liverpool
87%
LB Andrew Robertson Liverpool
87%
CB Ibrahima Konaté Liverpool
87%
GK Jordan Pickford Everton
87%
LW Leandro Trossard Arsenal
87%
GK Robert Sánchez Chelsea
87%
ST Luis Díaz Liverpool
86%
CB Rúben Dias Manchester City
86%
RB Jurriën Timber Arsenal
85%
DM Moisés Caicedo Chelsea
85%
GK Nick Pope Newcastle United
85%
RB Trent Alexander-Arnold Liverpool
85%
ST Alexander Isak Newcastle United
84%
CAM Eberechi Eze Crystal Palace
84%
ST Rasmus Højlund Manchester United
84%
DM Alexis Mac Allister Liverpool
83%
CAM Dominik Szoboszlai Liverpool
83%
ST Jamie Vardy Leicester City
83%
RB Matthew Cash Aston Villa
83%
RW Bryan Mbeumo Brentford
82%
DM Enzo Fernández Chelsea
82%
LW Cody Gakpo Liverpool
81%
GK Guglielmo Vicario Tottenham Hotspur
81%
CB Harry Maguire Manchester United
81%
LB Marc Cucurella Chelsea
81%
ST Nicolas Jackson Chelsea
81%
RB Rico Lewis Manchester City
81%
LW Anthony Gordon Newcastle United
80%
CM Bruno Guimarães Newcastle United
80%
DM Ryan Gravenberch Liverpool
80%
LB Myles Lewis-Skelly Arsenal
79%
CDM Casemiro Manchester United
78%
CB Ezri Konsa Aston Villa
78%
LB Joško Gvardiol Manchester City
78%
CM Thomas Partey Arsenal
78%
GK Dean Henderson Crystal Palace
77%
ST Jean-Philippe Mateta Crystal Palace
77%
LB Lucas Digne Aston Villa
77%
CAM Bernardo Silva Manchester City
76%
CB Cristian Romero Tottenham Hotspur
76%
LWB Diogo Dalot Manchester United
76%
LW Dominic Solanke AFC Bournemouth
76%
ST Dominic Solanke Tottenham Hotspur
76%
LW Heung-min Son Tottenham Hotspur
76%
LW Jérémy Doku Manchester City
76%
CB Manuel Akanji Manchester City
76%
CB Marc Guéhi Crystal Palace
76%
LW Pedro Neto Chelsea
75%
ST Raúl Jiménez Fulham
75%
ST Chris Wood Nottingham Forest
74%
RM Jarrod Bowen West Ham United
74%
CM Joelinton Newcastle United
74%
LAM John McGinn Aston Villa
74%
LW Kaoru Mitoma Brighton & Hove Albion
74%
RB Pedro Porro Tottenham Hotspur
73%
ST Danny Welbeck Brighton & Hove Albion
72%
RB Malo Gusto Chelsea
72%
ST Yoane Wissa Brentford
72%
ST Liam Delap Ipswich Town
71%
CAM Morgan Rogers Aston Villa
71%
LB Adam Smith AFC Bournemouth
70%
RW Brennan Johnson Tottenham Hotspur
70%
CAM Ismaïla Sarr Crystal Palace
70%
CB Pau Torres Aston Villa
70%
DM Youri Tielemans Aston Villa
70%
ST Antoine Semenyo AFC Bournemouth
69%
LB Destiny Udogie Tottenham Hotspur
69%
CB Fabian Schär Newcastle United
69%
CM James Maddison Tottenham Hotspur
69%
GK Matz Sels Nottingham Forest
69%
CDM Sandro Tonali Newcastle United
69%
RW Savinho Manchester City
69%
GK Bart Verbruggen Brighton & Hove Albion
68%
GK Bernd Leno Fulham
68%
CB Dan Burn Newcastle United
68%
CB Lewis Dunk Brighton & Hove Albion
68%
CB Matthijs de Ligt Manchester United
68%
GK Alphonse Areola West Ham United
67%
CB James Tarkowski Everton
67%
GK Kepa Arrizabalaga AFC Bournemouth
67%
CB Levi Colwill Chelsea
67%
CAM Morgan Gibbs-White Nottingham Forest
67%
RW Noni Madueke Chelsea
67%
DM İlkay Gündogan Manchester City
66%
RB Tino Livramento Newcastle United
66%
ST Dominic Calvert-Lewin Everton
65%
RW Anthony Elanga Nottingham Forest
63%
CB Milos Kerkez AFC Bournemouth
63%
RWB Noussair Mazraoui Manchester United
63%
DM Christian Nørgaard Brentford
62%
GK Mark Flekken Brentford
62%
DM Mateo Kovačić Manchester City
62%
CAM Matheus Cunha Wolverhampton Wanderers
62%
CAM Alejandro Garnacho Manchester United
61%
RW Jacob Murphy Newcastle United
61%
CDM Manuel Ugarte Manchester United
61%
CB Murillo Nottingham Forest
61%
RWB Daniel Muñoz Crystal Palace
60%
LB Lewis Hall Newcastle United
60%
CAM Justin Kluivert AFC Bournemouth
59%
CAM Mikkel Damsgaard Brentford
59%
CM Dejan Kulusevski Tottenham Hotspur
58%
LB Antonee Robinson Fulham
57%
CB Nikola Milenković Nottingham Forest
57%
CB Joachim Andersen Fulham
56%
RB Neco Williams Nottingham Forest
56%
CM Tomáš Souček West Ham United
56%
LWB Tyrick Mitchell Crystal Palace
56%
RB Aaron Wan-Bissaka West Ham United
55%
LW Callum Hudson-Odoi Nottingham Forest
55%
CM Lucas Paquetá West Ham United
54%
ST Michail Antonio West Ham United
54%
LB Ola Aina Nottingham Forest
54%
RB Illya Zabarnyi AFC Bournemouth
53%
CB Jarrad Branthwaite Everton
53%
CAM Mateus Fernandes Southampton
53%
RW Adama Traoré Fulham
52%
LW Kevin Schade Brentford
52%
CDM Rodrigo Bentancur Tottenham Hotspur
52%
CM Will Hughes Crystal Palace
52%
CB Wout Faes Leicester City
52%
LW Alex Iwobi Fulham
51%
CB Ben Davies Tottenham Hotspur
51%
DM Carlos Baleba Brighton & Hove Albion
51%
RAM Jacob Ramsey Aston Villa
51%
CB Tosin Adarabioyo Chelsea
51%
CB Chris Richards Crystal Palace
50%
DM Elliot Anderson Nottingham Forest
50%
LW Iliman Ndiaye Everton
50%
CB Jan Paul van Hecke Brighton & Hove Albion
50%
DM Lewis Cook AFC Bournemouth
50%
LB Vitaliy Mykolenko Everton
50%
DM Wilfred Ndidi Leicester City
50%
GK Aaron Ramsdale Southampton
49%
DM Idrissa Gueye Everton
49%
CB Maxence Lacroix Crystal Palace
49%
CAM Emile Smith Rowe Fulham
48%
ST Jørgen Strand Larsen Wolverhampton Wanderers
48%
LB Pervis Estupiñán Brighton & Hove Albion
48%
CAM Abdoulaye Doucouré Everton
46%
CB Max Kilman West Ham United
46%
CAM Omari Hutchinson Ipswich Town
46%
CB Toti Gomes Wolverhampton Wanderers
46%
RB Kenny Tete Fulham
44%
LM Mohammed Kudus West Ham United
44%
CB Calvin Bassey Fulham
43%
CB Ethan Pinnock Brentford
43%
RB Joël Veltman Brighton & Hove Albion
43%
CB Nathan Collins Brentford
43%
RW Yankuba Minteh Brighton & Hove Albion
43%
CAM João Gomes Wolverhampton Wanderers
42%
RB James Justin Leicester City
41%
GK Mads Hermansen Leicester City
41%
CB Marcos Senesi AFC Bournemouth
41%
DM James Garner Everton
39%
RW Jack Harrison Everton
38%
LWB Rayan Aït-Nouri Wolverhampton Wanderers
38%
DM Vitaly Janelt Brentford
37%
GK Arijanet Muric Ipswich Town
35%
CM Jefferson Lerma Crystal Palace
35%
CB Conor Coady Leicester City
34%
RWB Kyle Walker-Peters Southampton
34%
LB Leif Davis Ipswich Town
34%
LW Stephy Mavididi Leicester City
34%
CDM Edson Álvarez West Ham United
33%
CAM Georginio Rutter Brighton & Hove Albion
33%
CB Jan Bednarek Southampton
33%
DM Marcus Tavernier AFC Bournemouth
33%
DM Saša Lukić Fulham
33%
RB Jake O'Brien Everton
32%
RWB Nélson Semedo Wolverhampton Wanderers
32%
LB Emerson Palmieri West Ham United
31%
RW Ryan Christie AFC Bournemouth
31%
CB Matt Doherty Wolverhampton Wanderers
30%
DMM Sander Berge Fulham
30%
LB Keane Lewis-Potter Brentford
29%
DM Sam Morsy Ipswich Town
29%
ST Adam Armstrong Southampton
28%
CAM Bilal El Khannouss Leicester City
28%
CDM André Wolverhampton Wanderers
26%
CB Konstantinos Mavropanos West Ham United
26%
CAM Tyler Dibling Southampton
26%
CB Jacob Greaves Ipswich Town
25%
RW Jordan Ayew Leicester City
25%
DM Nicolás Domínguez Nottingham Forest
25%
DM Yasin Ayari Brighton & Hove Albion
25%
RB Sepp van den Berg Brentford
24%
RB Axel Tuanzebe Ipswich Town
21%
CB Taylor Harwood-Bellis Southampton
20%
CB Dara O'Shea Ipswich Town
19%
CDM Jean‐Ricner Bellegarde Wolverhampton Wanderers
18%
DM Jens Cajuste Ipswich Town
18%
CB Jack Stephens Southampton
17%
LB Victor Kristiansen Leicester City
17%
LW Sam Szmodics Ipswich Town
15%
DM Boubakary Soumaré Leicester City
14%
CB Santiago Bueno Wolverhampton Wanderers
14%
DM Flynn Downes Southampton
12%
DM Lesley Ugochukwu Southampton
11%
RW Wes Burns Ipswich Town
10%
LWB Ryan Manning Southampton
9%
No matching quizzes found
Score Distribution
Percent of People with Each Score
Percentile by Number Answered
Your Score History
You have not taken this quiz